| 000 | 01612cam a2200481 i 4500 | ||
|---|---|---|---|
| 001 | 10957 | ||
| 003 | KOSZ 005 | ||
| 005 | 20250716063538.0 | ||
| 008 | 250715s1968 pl a f f 000 0 pol | ||
| 015 | _aUWD 1968/2216 | ||
| 035 | _a991036864199705066 | ||
| 035 | _a(PL-WaBN)b19894533-48omnis_nlop | ||
| 035 | _ab19894533 | ||
| 035 | _a(OCoLC)838954199 | ||
| 035 | _a(PL)b0000001989453 | ||
| 035 | _a(EXLNZ-48OMNIS_NETWORK)9910107515405606 | ||
| 040 |
_aWA N _cWA N _dKOSZ 005/RW |
||
| 046 | _k1963 | ||
| 080 | _a621.01 | ||
| 080 | _a(07) | ||
| 100 | 1 |
_aDarmochwał, Leon _eAutor |
|
| 245 | 1 | 0 |
_aTechnologia budowy maszyn / _cLeon Darmochwał. |
| 250 | _aWydanie 3, dodruk. | ||
| 260 |
_aWarszawa : _bPaństwowe Wydawnictwo Szkolnictwa Zawodowego, _c1968. |
||
| 300 |
_a228, [2] stron, [1] karta tablic : _bilustracje ; _c25 cm. |
||
| 336 |
_aTekst _btxt _2rdacontent |
||
| 337 |
_aBez urządzenia pośredniczącego _bn _2rdamedia |
||
| 338 |
_aWolumin _bnc _2rdacarrier |
||
| 380 | _aKsiążki | ||
| 380 | _aPublikacje dydaktyczne | ||
| 385 |
_mPoziom nauczania _aSzkoły zawodowe |
||
| 388 | 1 | _a1901-2000 | |
| 388 | 1 | _a1945-1989 | |
| 521 | 8 | _aDla klasy 5 techników. | |
| 650 | 7 |
_aCzęści maszyn i urządzeń _2DBN |
|
| 650 | 7 |
_aTechnologia _2DBN |
|
| 655 | 7 |
_aPodręcznik _2DBN |
|
| 658 | _aInżynieria i technika | ||
| 710 | 2 |
_aPaństwowe Wydawnictwo Szkolnictwa Zawodowego _4pbl |
|
| 856 |
_uhttps://koha.tu.koszalin.pl/cgi-bin/koha/opac-detail.pl?biblionumber=10957 _yKatalog online BPK |
||
| 942 |
_2UKD _cKS |
||
| 999 |
_c10957 _d10957 |
||